Countries by Bordering Flags #1 - Statistics

General Stats
  • This quiz has been taken 112,339 times
  • The average score is 17 of 20
Answer Stats
Flags Country % Correct
Canada
100%
United Kingdom
96%
Sweden
93%
United States
93%
Netherlands
92%
Andorra
90%
Mongolia
90%
Uruguay
90%
Ireland
89%
North Korea
87%
Lesotho
84%
Spain
83%
Denmark
81%
Lebanon
81%
Qatar
77%
Bangladesh
73%
Cambodia
72%
Indonesia
70%
Panama
64%
Brunei
61%
No matching quizzes found
Score Distribution
Percent of People with Each Score
Percentile by Number Answered
Your Score History
You have not taken this quiz